Monitoring ambient air quality for health impact assessment
Đã lưu trong:
| Tác giả của công ty: | |
|---|---|
| Định dạng: | Không biết |
| Được phát hành: |
Copenhagen
World Health Organization
1998
|
| Những chủ đề: | |
| Truy cập trực tuyến: | Visit NHRC Library |
| Các nhãn: |
Thêm thẻ
Không có thẻ, Là người đầu tiên thẻ bản ghi này!
|
| LEADER | 00881 a2200217 4500 | ||
|---|---|---|---|
| 003 | 380 | ||
| 005 | 20220906184535.0 | ||
| 952 | |0 0 |1 0 |2 lcc |4 0 |6 WA 00754/WHO/01998 |7 0 |9 259 |a NHRC |b NHRC |c CART |d 2012-04-08 |l 0 |o WA 754/WHO/1998 |p 000380 |r 2012-04-08 |t 2 copies |w 2012-04-08 |y BK | ||
| 999 | |c 257 |d 257 | ||
| 020 | |a 9289013516 | ||
| 022 | |a 03782255 | ||
| 060 | |a WA 754 | ||
| 110 | |a World Health Organization |9 7 | ||
| 245 | |a Monitoring ambient air quality for health impact assessment | ||
| 260 | |a Copenhagen |b World Health Organization |c 1998 | ||
| 300 | |a 196p. |b xvii | ||
| 500 | |a Book | ||
| 546 | |a Eng. | ||
| 650 | |a Air pollution prevention and control |a Environmental monitoring methods |a Risk asessment |a Air Pollunts adverse effect |a Quality control |a Environmental exposure |a Information systems |a Europe |a Series |9 3915 | ||
| 856 | |u http://nhrc.gov.np/contact/ |y Visit NHRC Library | ||
| 942 | |2 NLM |c BK | ||